Southville International School and Colleges
Your cart is empty.
  • Cart
  • Lists
    Public lists Eva Luna New books Lux_list list_1
    Your lists Log in to create your own lists
  • Log in to your account
  • Your cookies
  • Search history
Southville International School and Colleges
  • Advanced search
  • Recent comments
  • Most popular
  • Libraries

Log in to your account

Log in with GOOGLE


If you do not have an external account, but do have a local account, you can still log in:

  1. Home
  2. MARC view: A study on the effects of watching cartoons on grade six students /
Normal view MARC view ISBD view

A study on the effects of watching cartoons on grade six students / (Record no. 96953)

[ view plain ]
MARC details
000 -LEADER
fixed length control field 00810nam a2200205 a 4500
003 - CONTROL NUMBER IDENTIFIER
control field 0
005 - DATE AND TIME OF LATEST TRANSACTION
control field 20250415162153.0
008 - FIXED-LENGTH DATA ELEMENTS--GENERAL INFORMATION
fixed length control field 970101s19uu xx 00 eng d
050 ## - LIBRARY OF CONGRESS CALL NUMBER
Classification number PGS PN 1992.8.C36
Item number .B175 2004
100 ## - MAIN ENTRY--PERSONAL NAME
Personal name Baldemor, Ma. Christina Dayupay.
245 ## - TITLE STATEMENT
Title A study on the effects of watching cartoons on grade six students /
Statement of responsibility, etc Ma. Christina Dayupay Baldemor.
260 ## - PUBLICATION, DISTRIBUTION, ETC. (IMPRINT)
Place of publication, distribution, etc Las Piñas City, Philippines :
Name of publisher, distributor, etc Southville International School and Colleges,
Date of publication, distribution, etc 2004.
300 ## - PHYSICAL DESCRIPTION
Extent 32 pages :
Other physical details illustrations ;
Dimensions 28 cm.
504 ## - BIBLIOGRAPHY, ETC. NOTE
Bibliography, etc Includes bibliographical references.
650 ## - SUBJECT ADDED ENTRY--TOPICAL TERM
Topical term or geographic name as entry element Cartoons and children
Geographic subdivision Philippines.
650 ## - SUBJECT ADDED ENTRY--TOPICAL TERM
Topical term or geographic name as entry element Television and children
Form subdivision Psychological aspects.
650 ## - SUBJECT ADDED ENTRY--TOPICAL TERM
Topical term or geographic name as entry element Child behavior and media.
650 ## - SUBJECT ADDED ENTRY--TOPICAL TERM
Topical term or geographic name as entry element Elementary students
Form subdivision Media exposure.
942 ## - ADDED ENTRY ELEMENTS (KOHA)
Source of classification or shelving scheme Library of Congress Classification
Koha item type PASS
Holdings
Withdrawn status Lost status Source of classification or shelving scheme Damaged status Home library Current library Shelving location Date acquired Source of acquisition Total Checkouts Full call number Barcode Date last seen Price effective from Koha item type
    Library of Congress Classification   Luxembourg Library Luxembourg Library Portfolio Assessment of SISC Students Section 05/05/2004 Donation   PGS PN 1992.8.C36 .B175 2004 P0962 04/08/2014 04/08/2014 PASS

A study on the effects of watching cartoons on grade six students /

APA

Baldemor M. C. D., . (2004). A study on the effects of watching cartoons on grade six students. Las Piñas City, Philippines: Southville International School and Colleges.

Chicago

Baldemor Ma Christina Dayupay, . 2004. A study on the effects of watching cartoons on grade six students. Las Piñas City, Philippines: Southville International School and Colleges.

Harvard

Baldemor M. C. D., . (2004). A study on the effects of watching cartoons on grade six students. Las Piñas City, Philippines: Southville International School and Colleges.

MLA

Baldemor Ma Christina Dayupay, . A study on the effects of watching cartoons on grade six students. Las Piñas City, Philippines: Southville International School and Colleges. 2004.

  • Print
  • Cite
  • Add to your cart (remove)
  • Save record
    BIBTEX Dublin Core MARCXML MARC (non-Unicode/MARC-8) MARC (Unicode/UTF-8) MARC (Unicode/UTF-8, Standard) MODS (XML) RIS
  • More searches
    Search for this title in:
    Other Libraries (WorldCat) Other Databases (Google Scholar) Online Stores (Bookfinder.com) Open Library (openlibrary.org)

Exporting to Dublin Core...

SOUTHVILLE LIBRARY

Southville International School and Colleges Library

1281 Tropical Ave. Cor. Luxembourg St., BF Homes International, Las Pinas City

Tel. No. 8256374 / 252358 Loc. 117/146

Powered by Koha